000 00956akm a2200289a 44500
008 930106s1985 cat
017 _aB-12569-1985
041 _acat
041 _bspa
080 _a637.5(038)
110 _aCatalunya. Generalitat. Direcció General de Comerç Interior i Consum
_966017
245 _aEspecejament de boví
_h[tríptic]
_cGeneralitat de Catalunya. Direcció General de Comerç Interior i Consum
260 _aBarcelona
_bGeneralitat de Catalunya. Departament de Comerç, Consum i Turisme. Direcció General de Comerç Interior i Consum
_c1985
300 _a1 f. desplegable
_bil.
_c21 cm
520 _a31
591 _a584
592 _aObra especialitzada
593 _aKRG
594 _a584
650 _abous
_962344
650 _aproductes animals
_962346
901 _cDL <1985>
902 _a930106
942 _cMO
_2ddc
_n0
999 _c54958
_d54958